| 000 -LEADER |
| fixed length control field |
00677nam a2200205Ia 4500 |
| 001 - CONTROL NUMBER |
| control field |
12906 |
| 003 - CONTROL NUMBER IDENTIFIER |
| control field |
GE_BSU |
| 008 - FIXED-LENGTH DATA ELEMENTS--GENERAL INFORMATION |
| fixed length control field |
181216s||||||||xx |||||||||||||| ||und|| |
| 040 ## - CATALOGING SOURCE |
| Transcribing agency |
GE_BSU |
| 080 ## - UNIVERSAL DECIMAL CLASSIFICATION NUMBER |
| Universal Decimal Classification number |
632 |
| 245 ## - TITLE STATEMENT |
| Title |
Неорганические инсектициды,фунгициды и зооциды:Сборник работ |
| 245 ## - TITLE STATEMENT |
| Remainder of title |
Вып.167 |
| 245 ## - TITLE STATEMENT |
| Statement of responsibility, etc. |
Под.ред.В.и.Орлова. Ред.А.Г.Сокольский |
| 260 ## - PUBLICATION, DISTRIBUTION, ETC. |
| Place of publication, distribution, etc. |
Москва |
| 260 ## - PUBLICATION, DISTRIBUTION, ETC. |
| Name of publisher, distributor, etc. |
Госхимиздат |
| 260 ## - PUBLICATION, DISTRIBUTION, ETC. |
| Date of publication, distribution, etc. |
1960 |
| 300 ## - PHYSICAL DESCRIPTION |
| Extent |
216стр.20см. |
| 653 ## - INDEX TERM--UNCONTROLLED |
| Uncontrolled term |
Неорганические инсектициды,фунгициды и зооциды |
| 942 ## - ADDED ENTRY ELEMENTS (KOHA) |
| Koha item type |
წიგნი |